La reina Victoria
保存先:
| 第一著者: | |
|---|---|
| フォーマット: | 図書 |
| 言語: | スペイン語 |
| 出版事項: |
Santiago
Letras
1937
|
| シリーズ: | Ediciones Ultra
|
| 主題: | |
| タグ: |
タグ追加
タグなし, このレコードへの初めてのタグを付けませんか!
|
MARC
| LEADER | 00000cam a2200000 a 4500 | ||
|---|---|---|---|
| 001 | UCF8542 | ||
| 003 | CL-VaPUC | ||
| 008 | 130906e19370000cl |||||||||||||||||spa|d | ||
| 082 | 0 | 4 | |a 942.081 |b STR |2 21 |
| 100 | 0 | |a Strachey, Lytton |e author |9 570640 | |
| 245 | 1 | 3 | |a La reina Victoria |
| 300 | |a 210 p | ||
| 942 | |c BK | ||
| 945 | |d 20130906 13:01:00 |a dcastane | ||
| 260 | |a Santiago |b Letras |c 1937 | ||
| 600 | 0 | 7 | |a REINA VICTORIA |2 CL-VaPUC |9 401302 |
| 650 | 7 | |a HISTORIA DE INGLATERRA SIGLO 19 |2 CL-VaPUC |9 420874 | |
| 650 | 7 | |a MONARQUIA INGLESA |2 CL-VaPUC |9 410591 | |
| 583 | |a last modification |c 20130906 13:01:00 |k Rodrigo Vera | ||
| 490 | 0 | |a Ediciones Ultra | |
| 999 | |c 353111 |d 353109 | ||
| 952 | |0 0 |1 0 |3 erb |4 0 |6 942_081000000000000_STR_1937 |7 0 |8 X |9 458037 |a FDOBUD |b FDOBUD |d 2019-11-23 |i 4998537 |o 942.081 STR 1937 |p 4998537 |r 2019-11-23 |w 2019-11-23 |y BK_X |z Catalogado en:20130906 |k BUD | ||